00361nam a2200145Ia 4500008004100000020001500041082001600056100001400072245003300086260004400119300000800163650001300171650001300184700001800197140316s9999 xx 000 0 und d a8131405265 a658bSHA/HA aSharma,GK aHandBook of Management Terms aHyderabadbIcfai University Pressc2006 a131 ahandbook ahandbook aPradeep Kumar